Rhythmic training
Zapisane w:
| 1. autor: | |
|---|---|
| Format: | Książka |
| Język: | angielski |
| Wydane: |
Nueva York
MCA
1969
|
| Wydanie: | 1a. ed |
| Hasła przedmiotowe: | |
| Etykiety: |
Dodaj etykietę
Nie ma etykietki, Dołącz pierwszą etykiete!
|
MARC
| LEADER | 00000cam a2200000 a 4500 | ||
|---|---|---|---|
| 001 | UCE2732 | ||
| 003 | CL-VaPUC | ||
| 008 | 140724e19690000us |||||||||||||||||eng|d | ||
| 082 | 0 | 4 | |a 781.22 |b STA |2 21 |
| 100 | 0 | |a Starer, Robert |e author |9 575298 | |
| 245 | 1 | 0 | |a Rhythmic training |
| 250 | |a 1a. ed | ||
| 300 | |a 84 p | ||
| 942 | |c BK | ||
| 945 | |d 20140724 10:48:00 |a dcastane | ||
| 260 | |a Nueva York |b MCA |c 1969 | ||
| 650 | 7 | |a RITMO MUSICAL |2 CL-VaPUC |9 575299 | |
| 650 | 0 | |a Elementos musicales |9 306544 | |
| 650 | 0 | |a Teoría musical |9 265760 | |
| 650 | 0 | |a Partituras |9 324008 | |
| 583 | |a last modification |c 20140724 10:48:00 |k Rodrigo Vera | ||
| 999 | |c 356307 |d 356305 | ||
| 952 | |0 0 |1 0 |2 ddc |3 erb |4 0 |6 781_220000000000000_STA_1969 |7 0 |8 A |9 463576 |a BIBEDU |b BIBEDU |c GEN |i 5091047 |l 4 |o 781.22 STA 1969 |p 5091047 |r 2024-08-29 |s 2024-08-01 |w 2019-11-23 |y BK |z Catalogado en:20140724 |k MUS | ||